[Event "Stockholm op"]
[Site "Stockholm"]
[Date "2014.05.31"]
[Round "8"]
[White "Carrasco, Enrique"]
[Black "Kruuse, Peter"]
[Result "0-1"]
[WhiteElo "1624"]
[BlackElo "1946"]
[PlyCount "54"]
[EventDate "2014.05.28"]
[EventType "swiss"]
[EventRounds "9"]
[EventCountry "SWE"]
[SourceTitle "CBM 160 Extra"]
[Source "ChessBase"]
[SourceDate "2014.07.01"]
[SourceVersion "1"]
[SourceVersionDate "2014.07.01"]
[SourceQuality "1"]

1. d4 e6 2. c4 Nf6 3. Nc3 Bb4 4. Bg5 0-0 5. e4 d6 6. Nf3 h6 7. Bh4 c5 8. a3 Bxc3+ 9. bxc3 Qa5 10. Bxf6 Qxc3+ 11. Nd2 gxf6 12. Be2 Nc6 13. 0-0 Nxd4 14. Bh5 Kh7 15. a4 Bd7 16. Kh1 Rg8 17. f4 Rg7 18. Rf2 Rag8 19. Qf1 Bc6 20. g4 f5 21. gxf5 exf5 22. h4 fxe4 23. Qb1 f5 24. Qf1 e3+ 25. Nf3 exf2 26. Kh2 Nxf3+ 27. Bxf3 Qxf3 0-1

[Event "OP-2011-0-01639"]
[Site "LSS email"]
[Date "2011.07.04"]
[Round "?"]
[White "Carrasco, Enrique"]
[Black "Maur, Rainer"]
[Result "0-1"]
[WhiteElo "1500"]
[BlackElo "1591"]
[PlyCount "38"]
[EventDate "2011.07.02"]
[EventType "tourn (corr)"]
[EventRounds "4"]
[EventCountry "GER"]
[SourceTitle "Telechess CBM 151"]
[Source "ChessBase"]
[SourceDate "2012.11.13"]
[SourceVersion "1"]
[SourceVersionDate "2012.11.13"]
[SourceQuality "1"]

1. e4 c5 2. Nf3 d6 3. d4 cxd4 4. Nxd4 Nf6 5. Nc3 a6 6. Be2 e5 7. Nf3 Be7 8. Bg5 Nbd7 9. 0-0 b5 10. Nd5 Bb7 11. c4 Nxd5 12. Qd2 Bxg5 13. Nxg5 Nf4 14. Nf3 Nf6 15. Rac1 Nxe4 16. Qb4 Nxe2+ 17. Kh1 Nxc1 18. Rxc1 Nxf2+ 19. Kg1 Nd3 0-1